Statistics for Abeid Amani Karume Int. Airport Destinations (Zanzibar, Tanzania)

Click here to take the quiz!

General Stats

  • This quiz has been taken 15 times
    (9 since last reset)
  • The average score is 36 of 55

Answer Stats

AirlineDestination% Correct
Etihad AirwaysAbu Dhabi
100%
Ethiopian AirlinesAddis Ababa
100%
KLMAmsterdam
100%
Qatar AirwaysDoha
100%
flydubaiDubai (International)
100%
Turkish AirlinesIstanbul
100%
FlySafair/Global AviationJohannesburg (O.R. Tambo)
100%
Air Tanzania/Auric AirKilimanjaro
100%
Fly540/Kenya Airways/Precision AirNairobi (Jomo Kenyatta)
100%
SafarilinkNairobi (Wilson)
100%
Air FranceParis (Charles de Gaulle)
100%
LOT Polish AirlinesPrague
100%
Arkia/IsrairTel Aviv
100%
LOT Polish AirlinesWarsaw (Chopin)
100%
Edelweiss AirZurich
100%
Air Tanzania/As Salaam Air/Auric Air/Coastal Aviation/Ethiopian Airlines/Flightlink Limited/Oman Air/Precision Air/Tropical Air/ZanAirDar es Salaam
86%
Auric Air/Uganda AirlinesEntebbe
86%
Condor/Discover AirlinesFrankfurt
86%
NeosMilan (Malpensa)
86%
Fly540/Jambojet/SafarilinkMombasa
86%
Nordwind AirlinesMoscow (Sheremetyevo)
86%
Azur Air/UtairMoscow (Vnukovo)
86%
Oman AirMuscat
86%
NeosRome (Fiumicino)
86%
Azur AirSaint Petersburg
86%
NeosBologna
71%
Auric AirKigali
71%
NeosVerona
71%
Enter AirKatowice
57%
Malawi AirlinesLilongwe
57%
World2FlyMadrid
57%
Enter AirPoznan
57%
Azur AirRostov-on-Don
57%
Azur AirSamara
57%
Air Tanzania/As Salaam Air/Auric Air/Coastal Aviation/Flightlink Limited/Precision Air/Regional Air Services/ZanAirArusha
43%
Azur AirKazan
43%
Hi FlyLisbon
43%
Auric AirMaasai Mara
43%
Tropical AirMbeya
43%
Coastal AviationMwanza
43%
Azur AirNovosibirsk
43%
Air Tanzania/As Salaam Air/Auric Air/Coastal Aviation/Flightlink Limited/Precision Air/Tropical Air/ZanAirPemba Island
43%
Auric AirIringa
29%
Auric Air/Coastal AviationMafia Island
29%
Coastal AviationManyara
29%
Auric AirMikumi
29%
Auric AirRuaha
29%
Auric Air/ZanAirSaadani
29%
Auric Air/ZanAirSelous
29%
Auric AirSerengeti
29%
Coastal Aviation/Flightlink LimitedSeronera
29%
Auric AirSongea
29%
As Salaam Air/Auric Air/Coastal AviationTanga
29%
Coastal AviationKilwa Masoka
14%
Auric AirPangani
14%

Score Distribution

Percentile by Number Answered

Percent of People with Each Score

Your Score History

You have not taken this quiz since the last reset